The Melodic Blue - Baby Keem - Statistics

General Stats
  • This quiz has been taken 23 times
  • The average score is 14 of 26
Answer Stats
Songs Plays Artists % Correct
family ties 1,069,553,821 Baby Keem, Kendrick Lamar
95%
range brothers 120,923,871 Baby Keem, Kendrick Lamar
90%
16 474,798,222 Baby Keem
85%
pink panties 34,113,750 Baby Keem
80%
cocoa 36,335,687 Baby Keem, Don Toliver
75%
lost souls 30,927,189 Baby Keem
75%
lost souls 242,302,151 Baby Keem, Brent Faiyaz
75%
trademark usa 233,764,111 Baby Keem
70%
vent 137,696,152 Baby Keem
65%
highway 95 96,252,352 Baby Keem
60%
scapegoats 33,860,305 Baby Keem
60%
booman 57,631,106 Baby Keem
55%
killstreaks 26,118,878 Baby Keem, Don Toliver, PinkPantheress
55%
bank account 28,481,269 Baby Keem, Lil Uzi Vert
50%
hooligan 116,199,793 Baby Keem
45%
issues 39,678,684 Baby Keem
45%
first order of business 79,362,429 Baby Keem
40%
gorgeous 24,942,125 Baby Keem
35%
naked freestyle 36,686,744 Baby Keem
35%
no sense 47,859,481 Baby Keem
35%
scars 36,778,243 Baby Keem
35%
south africa 27,836,090 Baby Keem
35%
fine china 6,859,598 Baby Keem
30%
patience interlude 8,104,619 Baby Keem
25%
a life of pain 8,253,098 Baby Keem
20%
durag activity 173,263,073 Baby Keem, Travis Scott
15%
No matching quizzes found
Score Distribution
Percent of People with Each Score
Percentile by Number Answered
Your Score History
You have not taken this quiz